Теория экзоглоссии: монография

Бібліографічні деталі
Автор: Кобенко Ю. В. Юрий Викторович
Співавтор: Национальный исследовательский Томский политехнический университет (ТПУ)
Резюме:В монографии ставится задача.теоретического обоснования явления экзоглоссии в социолингвистическом и контактологическом аспектах на примере исторического развития немецкого литературного языка. Предназначена для специалистов в области германистики, лексикографов, переводчиков, а также всех интересующихся проблемами современного языкознания.
Мова:Російська
Опубліковано: Томск, Изд-во ТПУ, 2014
Редагування:2-е изд.
Предмети:
Формат: MixedMaterials Книга
KOHA link:https://koha.lib.tpu.ru/cgi-bin/koha/opac-detail.pl?biblionumber=269984

MARC

LEADER 00000nam0a2200000 4500
001 269984
005 20240219154429.0
010 |a 9785438704409 
035 |a (RuTPU)RU\TPU\book\293164 
090 |a 269984 
100 |a 20140923d2014 k y0rusy50 ca 
101 0 |a rus 
102 |a RU 
105 |a y z 001zy 
200 1 |a Теория экзоглоссии  |e монография  |f Ю. В. Кобенко  |g Национальный исследовательский Томский политехнический университет (ТПУ) 
205 |a 2-е изд. 
210 |a Томск  |c Изд-во ТПУ  |d 2014 
215 |a 194 с. 
320 |a Библиогр.: с. 181-193. 
330 |a В монографии ставится задача.теоретического обоснования явления экзоглоссии в социолингвистическом и контактологическом аспектах на примере исторического развития немецкого литературного языка. Предназначена для специалистов в области германистики, лексикографов, переводчиков, а также всех интересующихся проблемами современного языкознания. 
452 1 |0 (RuTPU)RU\TPU\book\300885  |t Теория экзоглоссии  |o монография  |f Ю. В. Кобенко  |g Национальный исследовательский Томский политехнический университет (ТПУ), Энергетический институт (ЭНИН), Кафедра иностранных языков энергетического института (ИЯЭИ)  |e 2-е изд.  |c Томск  |n Изд-во ТПУ  |d 2014  |a Кобенко, Юрий Викторович 
606 1 |a Немецкий язык  |x Лексикология  |2 stltpush  |3 (RuTPU)RU\TPU\subj\45378  |9 64621 
610 1 |a социолингвистика 
610 1 |a социолингвистическая коммуникация 
610 1 |a экзоглоссия 
610 1 |a языковая политика 
610 1 |a языковая норма 
610 1 |a развитие 
610 1 |a история 
610 1 |a литературный язык 
610 1 |a монографии 
686 |a Ш143.24-3  |2 rubbk 
700 1 |a Кобенко  |b Ю. В.  |c лингвист  |c профессор Томского политехнического университета, доктор филологических наук  |f 1977-  |g Юрий Викторович  |3 (RuTPU)RU\TPU\pers\24747  |9 10988 
712 0 2 |a Национальный исследовательский Томский политехнический университет (ТПУ)  |c (2009- )  |3 (RuTPU)RU\TPU\col\15902 
801 1 |a RU  |b 63413507  |c 20140923 
801 2 |a RU  |b 63413507  |c 20141205  |g RCR 
942 |c BK